Taylor Swift - Chansons commençant par N - Statistiques

Statistiques générales
  • Ce quiz a été pris 466 fois
    460 depuis la dernière actualisation
  • Le résultat moyen est 5 sur 6
Statistiques - réponses
N % Correct
New Year's Day
86%
no body, no crime
81%
Now That We Don't Talk
80%
New Romantics
79%
Never Grow Up
73%
Nothing New
68%
Aucun quiz correspondant
Distribution des résultats
% des personnes avec chaque résultat
Percentile par nombre de réponses
Votre historique - résultats
Vous n’avez pas pris ce quiz depuis la dernière actualisation